|
|
|
|
| LEADER |
00000nab a22000005a 4500 |
| 001 |
AR-BbUGT10117 |
| 003 |
AR-BbUGT |
| 005 |
20210304203226.0 |
| 007 |
ta |
| 008 |
171018s2016||||ag |||p |||| 0|||||spa d |
| 999 |
|
|
|c 15653
|d 15653
|
| 040 |
|
|
|a AR-BbUGT
|c AR-BbUGT
|
| 100 |
1 |
|
|a Nogar, Ada Graciela.
|
| 245 |
1 |
0 |
|a Procesos de clusterización :
|b la territorialidad de la producción quesera en el sudeste pampeano /
|c Ada Graciela Nogar, Guillermina Paula Jacinto, Paula Valania.
|
| 530 |
|
|
|a Disponible también en formato digital.
|
| 651 |
|
4 |
|a Tandil (Argentina : Partido)
|9 419
|
| 653 |
|
|
|a Clúster quesero
|
| 700 |
1 |
|
|a Jacinto, Guillermina Paula.
|
| 700 |
1 |
|
|a Valania, Paula.
|
| 773 |
0 |
|
|o R7568.44
|g Vol. 25, no. 1 (2016), p. 73-91
|t Revista Universitaria de Geografía
|x 0326-8373
|w AR-BbUGT7010
|
| 773 |
1 |
|
|o R7569.44
|w AR-BbUGT7010
|
| 773 |
1 |
|
|o R7570.44
|w AR-BbUGT7010
|
| 773 |
1 |
|
|o R7571.44
|w AR-BbUGT7010
|
| 773 |
1 |
|
|o R7572.44
|w AR-BbUGT7010
|
| 856 |
4 |
1 |
|3 Texto completo.
|u https://www.redalyc.org/articulo.oa?id=383246150005
|y Red de Información Científica Redalyc.
|
| 942 |
|
|
|2 ddc
|c ARTPP
|